Az ágazati kapcsolatok mérlege alap-és származtatott tábláinak leírása

Salvato in:
Dettagli Bibliografici
Natura: Libro
Lingua:ungherese
inglese
Pubblicazione: Budapest Központi statisztikai hivatal 1992
Edizione:1. kiadás.
Tags: Aggiungi Tag
Nessun Tag, puoi essere il primo ad aggiungerne!!

MARC

LEADER 00000nam a2200000 4500
001 c002211
005 20250703072518.2
041 0 |a hun 
041 0 |a eng 
044 |a HU 
245 1 0 |a Az ágazati kapcsolatok mérlege alap-és származtatott tábláinak leírása 
250 |a 1. kiadás. 
264 1 |a Budapest  |b Központi statisztikai hivatal  |c 1992 
300 |a 39 s.